Theoretical an Empirical Researches in Urban Management

Saved in:
Bibliographic Details
Format: Serial
Language:English
Published: Bucharest Academy of Economic Studies Bucharest
Tags: Add Tag
No Tags, Be the first to tag this record!

MARC

LEADER 00000nls a2200000 4500
001 0247670
005 20260204143629.6
022 |a 2065-3921 
022 |a 2065-3913 
041 0 |a eng 
044 |a RO 
245 1 0 |a Theoretical an Empirical Researches in Urban Management 
264 1 |a Bucharest  |b Academy of Economic Studies Bucharest